Mechanization of ground spraying in rubber plantations against diseases (Record no. 62796)

MARC details
000 -LEADER
fixed length control field 00616nam a2200205Ia 4500
100 ## - MAIN ENTRY--AUTHOR NAME
Personal name Mathew J
245 #0 - TITLE STATEMENT
Title Mechanization of ground spraying in rubber plantations against diseases
260 ## - PUBLICATION, DISTRIBUTION, ETC. (IMPRINT)
Name of publisher PLACROSYM XX, 12-15 December 2012, UPASI Tea Research Foundation, Coimbatore, India, Abstracts, pp. 9-10.
650 ## - SUBJECT ADDED ENTRY--TOPICAL TERM
Topical Term Abnormal leaf fall
650 ## - SUBJECT ADDED ENTRY--TOPICAL TERM
Topical Term Copper oxychloride
650 ## - SUBJECT ADDED ENTRY--TOPICAL TERM
Topical Term Mini tractor
650 ## - SUBJECT ADDED ENTRY--TOPICAL TERM
Topical Term Mist blowers
700 ## - ADDED ENTRY--PERSONAL NAME
Personal name Mushrif S.K
700 ## - ADDED ENTRY--PERSONAL NAME
Personal name Patel J.S
700 ## - ADDED ENTRY--PERSONAL NAME
Personal name Prem E.E
700 ## - ADDED ENTRY--PERSONAL NAME
Personal name Vijayan K
856 ## - ELECTRONIC LOCATION AND ACCESS
Uniform Resource Identifier Copy
942 ## - ADDED ENTRY ELEMENTS (KOHA)
Koha item type Journals
Holdings
Withdrawn status Lost status Damaged status Not for loan Home library Current library Shelving location Date acquired Koha item type
      Journals RRII Library RRII Library Pathology 17/12/2021 Journals